01743nam a2200265Ia 4500001000600000003000900006008004100015040001300056040001300069041001300082100001900095100002900114240003000143240003500173245007800208245007800286250001100364260001400375260000800389260004900397300005700446500091700503650002601420650003101446H4731IT-RoPAU130308s9999 xx 000 0 und d aIT-RoPAU cIT-RoPAU aITALIANO aTirard Laurent gCodice Aut. SPICS: 57791 aMOVIEMAKERS' MASTER CLASS gCodice Tit. Orig. Spics: T3424 aOcchio del regista (L'). Visione di cinema di venti registi contemporanei bOcchio del regista (L'). Visione di Cinema di venti registi Contemporanei a1a ed. aRCS LIBRI bBur c2004 [1° Ed.:2004 - Ed.Ling.Originale:2002] a"288 p. (prefazione: no ; testo: 288 [pagine: 0-0])" a"Introduzione di Marco Ponti. Prefazione dell'Autore. Pionieri: John Boorman; Sydney Pollack; Claude Sautet. Revisionisti: Woody Allen; Bernardo Bertolucci; Martin Scorsese; Wim Wenders. Tessitori di Sogni: Pedro Almodovar; Tim Burton; David Cronenberg; Jean Pierre Jeunet; David Lynch. Grossi Calibri: Oliver Stone; John Woo. Sangue Fresco: Joel ed Ethan Coen; Takeshi Kitano; Emir Kusturica; Lars Von Trier; Wong Kar Wai. in una Categoria a Se': Jean Luc Godard. Ringraziamenti. Filmografia Aggiuntiva.Venti Voci dei Piu' Grandi Registi, 20 Modi Diversi di Fare e Pensare Il Cinema. La scelta degli Obiettivi, l'approccio Alla Sceneggiatura, L'Uso Dello Storyboard, la posizione della Macchina da Presa, Il Montaggio. Ma Anchel'Etica e Il Senso del Cinema, Il Rapporto con gli Attori, Il Confronto con Il Pubblico. Le Domande Giuste Alle Persone Giuste, per Capire e Carpire I segreti dei Maestri della Regia." aREGIA CINEMATOGRAFICA eCodice materia Spics: 6803